LEADER 01215nam a2200289 i 4500 001 000000109725 003 CaOOAMICUS 005 20080213124725.0 008 080213s1994 be u000 u fre c 020 $a2-503-36000-9 020 $a2-503-36070-X 040 $aUSC$bita$dLUIG$dPUL$dLDB 100 1 $aMetzger, Marcel,$csacerdote,$d1940-$0(OLS)http://pul/name/13982 245 14$aLes sacramentaires /$cpar Marcel Metzger. 260 $aTurnhout :$bBrepols,$c1994. 300 $a137 p. ;$c24 cm. 490 1 $aTypologie des sources du Moyen Âge Occidental ;$v0070 504 $aBibliografia : p. [17]-24. 630 04$aSacramentarium.$0(OLS)http://pul/subject/14407 830 0$aTypologie des sources du Moyen Âge Occidental ;$v0070.$0(OLS)http://pul/title/745 850 $aPUL 852 $aPUL$W1$xSL Cons. Gen., Altre Classi 1$y1$m2022 A 70$j125569$qStampati$B124297$CPULBib$Z2$F124297 $H72290 $82 941 1 $a8 996 $6020$a2-503-36000-9$9(OLS)http://pul/number/691 996 $6020$a2-503-36070-X$9(OLS)http://pul/number/137089 996 $6245$aLes sacramentaires$9(OLS)http://pul/title/138015 996 $6260$aTurnhout :$bBrepols$9(OLS)http://pul/publisher/47850 LEADER 01492nam a2200337 a 4500 001 000000134078 003 CaOOAMICUS 005 20130528105028.0 008 130528s2008 it abfc u000 u ita r 020 $a978-88-6159-178-3 040 $aPUL$bita 041 1 $aita$heng 082 04$a943.8 100 1 $aDavies, Norman,$d1939-$0(OLS)http://pul/name/86408 240 10$aMicrocosm.$lItaliano.$0(OLS)http://pul/title/169499 245 10$aMicrocosmo :$bl'Europa centrale nella storia di una città /$cNorman Davies, Roger Moorhouse. 260 $aMilano :$bBruno Mondadori,$c©2008. 300 $aXVII, 557 p., [16] c. di tav. :$bill., ritr., c. geogr. ;$c22 cm 490 1 $aEconomica ;$v111 651 4$aBreslavia$xStoria.$0(OLS)http://pul/subject/39621 651 4$aPolonia$xStoria.$0(OLS)http://pul/subject/19306 700 1 $aMoorhouse, Roger.$0(OLS)http://pul/name/86409 830 0$aEconomica (Bruno Mondadori) ;$v111.$0(OLS)http://pul/title/131978 850 $aPUL 852 $aPUL$W1$xSL Cons. Gen., Altre Classi 3$y75$m943. 8 DAVNO 1$j154152$b $qDDC 21$B153704$CPULBib$Z2$F153704 $H122395 $81 941 1 $a9 996 $6020$a978-88-6159-178-3$9(OLS)http://pul/number/152840 996 $6082$a943.8$9(OLS)http://pul/classification/2400 996 $6245$aMicrocosmo :$bl'Europa centrale nella storia di una città$9(OLS)http://pul/title/169500 996 $6260$aMilano :$bBruno Mondadori$9(OLS)http://pul/publisher/60338